| 000 | 00692nam a2200229 a 4500 | ||
|---|---|---|---|
| 001 | 000047808 | ||
| 003 | Ost | ||
| 005 | 20260321073643.0 | ||
| 008 | 180810s2015 dr a 000 j spa d | ||
| 020 | _a9789945588286 | ||
| 040 |
_aDO-SdBNP _bspa _cBNPHU |
||
| 082 |
_axxx _bxxxx |
||
| 100 | 1 |
_a Bosch, Juan, _d1909-2001 _976555 |
|
| 245 | 1 | 0 |
_aDos amigos / _cJuan Bosch ; ilustraciones Jorge Pérez. |
| 260 |
_aSanto Domingo, : _bMuñequitos _bEdiciones Ferilibro, _c2015. |
||
| 300 |
_a31 p. : _bil. ; _c22 cm. |
||
| 490 | 1 | _aLecturas que dibujan ; | |
| 590 | _aInventariado, 2018/ YL | ||
| 700 | 1 |
_aPérez, Jorge _eil. _922354 |
|
| 830 | 0 |
_aLecturas que dibujan _974376 |
|
| 942 |
_2ddc _cLBS1 |
||
| 999 |
_c47296 _d47296 |
||